Opérations infinitésimales linéaires (Record no. 141593)

MARC details
000 -LEADER
campo de control de longitud fija 00740nam a2200205 i 4500
001 - NÚMERO DE CONTROL
campo de control 141593
003 - IDENTIFICADOR DE NÚMERO DE CONTROL
campo de control ES-MaACL
005 - FECHA Y HORA DE LA ÚLTIMA TRANSACCIÓN
campo de control 20230906200327.0
007 - CAMPO FIJO DE DESCRIPCIÓN FÍSICA--INFORMACIÓN GENERAL
campo de control de longitud fija t|
008 - DATOS DE LONGITUD FIJA--INFORMACIÓN GENERAL
campo de control de longitud fija 070925s1938 fr ||||1| fre d
100 1# - ENTRADA PRINCIPAL--NOMBRE DE PERSONA
Nombre de persona Volterra, Vito.
9 (RLIN) 115725
245 10 - MENCIÓN DEL TÍTULO
Título Opérations infinitésimales linéaires
Resto del título : applications aux équations différentielles et fonctionnelles /
Mención de responsabilidad, etc. par Vito Volterra et Bohuslav Hostinsky.
260 ## - PUBLICACIÓN, DISTRIBUCIÓN, ETC.
Lugar de publicación, distribución, etc. Paris :
Nombre del editor, distribuidor, etc. Gauthier-Villars,
Fecha de publicación, distribución, etc. 1938.
300 ## - DESCRIPCIÓN FÍSICA
Extensión VII, 238 p. :
Otras características físicas il. ;
Dimensiones 26 cm.
490 1# - MENCIÓN DE SERIE
Mención de serie Monographies sur la théorie des fonctions
700 1# - ENTRADA AGREGADA--NOMBRE PERSONAL
Nombre de persona Hostinsky, Bohuslav.
9 (RLIN) 64299
830 0# - PUNTO DE ACCESO ADICIONAL DE SERIE-TÍTULO UNIFORME
Título uniforme Monographies sur la théorie des fonctions
9 (RLIN) 181528
852 ## - LOCALIZACIÓN
Ubicación ES-MaACL
Número de control de estantería C-5292
Sublocalización o colección R.25450
Holdings
Estatus retirado Estado de pérdida Estado de daño No para préstamo Biblioteca de origen Biblioteca actual Ubicación en estantería Fecha de adquisición Fuente de adquisición Total de préstamos Signatura topográfica completa Código de barras Visto por última vez Precio de reemplazo Tipo de ítem Koha
        Biblioteca del Ateneo de Madrid Biblioteca del Ateneo de Madrid Sala Palomar 17/01/2008     C-5292 1147330 23/02/2023 23/02/2023 Libro impreso